Statistics for Most Populated Countries Bordering the Indian Ocean - One Minute Sprint

Click here to take the quiz!

General Stats

  • This quiz has been taken 36 times
  • The average score is 8 of 10

Answer Stats

populationcountry% Correct
1,339,180,000India
100%
263,991,000Indonesia
91%
164,670,000Bangladesh
91%
197,016,000Pakistan
88%
81,163,000Iran
85%
69,038,000Thailand
85%
53,371,000Myanmar
76%
57,310,000Tanzania
71%
56,717,000South Africa
65%
97,553,000Egypt
53%

Score Distribution

Percentile by Number Answered

Percent of People with Each Score

Your Score History

You have not taken this quiz